000 01428nam a22003617 4500
001 768714001
003 CO-MdFUSB
005 20250502154342.0
008 170623t2014 xxu||||| |||| 00| 0 spa d
020 _a978928980872
040 _aCO-MdFUSB
_bspa
_cCO-MdFUSB
_dCO-MdFUSBC
_erda
041 _aspa
082 _224
_a241
_bC649e
100 1 _aJones, David Clyde
_eautor
240 _aBiblical Christian Ethics
245 _aÉtica bíblica cristiana
_c/ David Clyde Jones ; traducido por María Angélica Ramsay
264 1 _aGraham, Carolina del Norte :
_bFaro de Gracia,
_c[2014]
264 4 _c©2014
300 _a285 páginas
_c; 23 cm.
336 _2rdacontent
_a1
_ba1
337 _2rdamedia
_a2
_b5
338 _2rdacarrier
_a2
_b5
505 _aPreguntas de la ética -- la meta de la vida cristiana -- el motivo de la vida cristiana -- la dirección de la vida cristiana -- Las formas principales del amor -- las normas universales del amor -- la resolución de los conflictos morales -- El matrimonio y la familia -- El divorcio y el nuevo matrimonio.
534 _cBiblical Christian Ethics
_pTítulo original en inglés:
563 _aRústico
650 7 _aÉtica cristiana
_9185
650 7 _aReligión y ética
_9183
650 0 _919
_aVida cristiana
650 0 _aTeología práctica
_9180
700 _aRamsay, María Angélica,
_911364
_etraductor
942 _cBK
945 _aJTF-925
999 _c63905
_d63905